One Letter Answers #2 - Statistics

General Stats
  • This quiz has been taken 71,576 times
  • The average score is 18 of 26
Answer Stats
Hint Answer % Correct
Letter that most plurals end in S
98%
Five, in Roman numerals V
98%
Most important letter on a treasure map X
96%
Carrots are rich in this vitamin A
92%
Widest letter in most fonts W
92%
Sounds the same as ewe U
90%
Come to this intersection and you can go right or left, but not straight T
84%
The most common starting letter for male first names in the U.S. J
79%
There are only two countries that start with this letter, both in Africa Z
79%
Massive U.S. Air Force plane with eight jet engines: _-52 B
78%
Another name for B♯ C
74%
On average, the worst letter to have on your rack in Scrabble Q
74%
Don't forget to dot this letter, when lowercase I
73%
Spelled out, this letter starts with W Y
73%
Metric prefix for 1000 K
69%
James Bond's boss M
67%
Letter dropped by speakers with a Cockney accent H
57%
English equivalent of the Greek letter π P
53%
In Spanish a tilde (~) sometimes appears above this symbol N
50%
Germany's international license plate code D
48%
Largest letter on the Snellen chart commonly used to test one's vision E
48%
On the internet, press this letter to pay respects F
48%
Before 2010, this symbol repeated twice was the 14th letter of the Spanish alphabet L
48%
Comes after H, He, Li, Be, B, C, and N O
47%
Letter that a pirate says before "matey" R
47%
An FBI agent is known as a _ man G
37%
No matching quizzes found
Score Distribution
Percent of People with Each Score
Percentile by Number Answered
Your Score History
You have not taken this quiz